Centre de Documentació del Parc Natural de Sant Llorenç de Munt i l'Obac
Descripción Física:
29 cm
Colección:
Dossier bibliogràfic ; 1, 2
MARC
| LEADER | 00000nam a2200000Ia 4500 | ||
|---|---|---|---|
| 001 | 21412, 21413 | ||
| 008 | 160829s1990 xx 000 0 cat d | ||
| 080 | |a A-2-355, A-2-356 | ||
| 245 | |a Centre de Documentació del Parc Natural de Sant Llorenç de Munt i l'Obac | ||
| 260 | |a Barcelona : |b Diputació de Barcelona ; Terrassa : |b Ajuntament de Terrassa, |c 1990 | ||
| 300 | |a 29 cm | ||
| 490 | |a Dossier bibliogràfic ; 1, 2 | ||
| 650 | |a Centre de Documentació del Parc Natural de Sant Llorenç de Munt i l'Obac |x Catàlegs |9 44503 | ||
| 650 | |a Parc Natural de Sant Llorenç del Munt i l'Obac |x Bibliografia |9 44504 | ||
| 700 | |a Centre de Documentació del Parc Natural de Sant Llorenç de Munt i l'Obac |9 44521 | ||
| 710 | 1 | |a Terrassa (Catalunya). |b Ajuntament |9 51450 | |
| 710 | 1 | |a Barcelona (Catalunya : Província). |b Diputació |9 52408 | |
| 866 | |a 1990 (1), 1991 (2) | ||
| 901 | |a Arxiu | ||
| 942 | |n 1 | ||
| 952 | |0 0 |1 0 |4 0 |6 A2355_A2356 |7 1 |9 51968 |a Arxiu |b Arxiu |d 2016-12-01 |l 0 |o A-2-355, A-2-356 |p 21412, 21413 |r 2016-12-01 00:00:00 |w 2016-12-01 |y ARXIU | ||
| 999 | |c 55815 |d 55815 | ||